000 01050nam a2200265 a 4500
003 AM-YEHGA
005 20250617164506.0
008 211014s1962 ru d||||r|||||001|0|rus||
040 _aAM-YeHGA
041 0 _arus
100 1 _aСедов, Борис Яковлевич
245 1 0 _aБуровые установки для проходки стволов и скважин :
_bСправочник /
_cБ.Я. Седов, А.Т. Николаенко, Г.И. Юдицкий.
260 _aМосква :
_bГосгортехиздат,
_c1962.
300 _a263 с., 2 л. черт. :
_bчерт. ;
_c23 см.
504 _aБиблиогр.: с. 361
650 1 4 _aТехника
650 1 4 _aГорное дело
650 1 4 _aБурение скважин
650 1 4 _aБуровые установки
_vСправочники
700 1 _aНиколаенко, Алексей Тимофеевич
700 1 _aЮдицкий, Григорий Израилевич
942 _2udc
_cBK
001 1796276
090 _c532336
999 _c525133
_d525133